| 000 | 00446cam a2200169ua 4500 | ||
|---|---|---|---|
| 020 | _c$8.95 | ||
| 041 |
_aeng _h |
||
| 082 |
_a519.72 _bSWA/LI |
||
| 100 | _aSwanson, Leonard . | ||
| 245 |
_aLinear programming: Basic theory and applications / _cLeonard W Swanson. _hTextual Documents |
||
| 260 |
_aTokyo : _bMcGraw Hill Kogakusha , _c1980. |
||
| 300 | _a218 ; . | ||
| 365 | _a$8.95 | ||
| 504 | _a | ||
| 942 | _cBK | ||
| 999 |
_c9878 _d9878 |
||